000 00532nam a2200205Ia 4500
005 20230616103251.0
008 131103s9999 xx 000 0 und d
040 _aLoreto College
041 _aEnglish
082 _a808.2
_bESS
100 _aEsslin, Martin
245 4 _aThe theatre of the absurd
_cMartin Esslin
260 _aLondon
_bPenguin
_c1967
300 _a463 p.
504 _aIncludes bibliographical references and inedx
650 _aRhetoric -Drama
651 _aLiterature
850 _aLCLIB
942 _cBK
999 _c1129
_d51608